| 000 | 00507nam a2200169Ia 4500 | ||
|---|---|---|---|
| 999 |
_c3395 _d3395 |
||
| 003 | GBCCL | ||
| 005 | 20241126110454.0 | ||
| 008 | 171127b xxu||||| |||| 00| 0 eng d | ||
| 040 | _cgbc | ||
| 082 |
_a262.1 _bFRA |
||
| 100 |
_aFrancis, Mary, Johnson & Preston _96921 |
||
| 245 |
_aChristian Leadership / _cFrancis, et. al. |
||
| 260 |
_bThe Sunday school board of the Southern Baptist Convention, _aNashville: _c1934 |
||
| 300 |
_a156p.; _c20 cm. |
||
| 650 |
_aChristian leadership _91568 |
||
| 942 |
_2ddc _cBK _07 |
||